[Event "Oberliga Ost-A 2324"]
[Site "Germany"]
[Date "2024.04.14"]
[Round "11.5"]
[White "Kaiser, Dieter"]
[Black "Rohne, Lars"]
[Result "1-0"]
[WhiteElo "2210"]
[BlackElo "2107"]
[PlyCount "93"]
[EventDate "2023.10.22"]
[EventType "team-tourn"]
[EventRounds "11"]
[EventCountry "GER"]
[SourceTitle "EXT 2025"]
[Source "ChessBase"]
[SourceDate "2024.10.14"]
[SourceVersion "1"]
[SourceVersionDate "2024.10.14"]
[SourceQuality "1"]
[WhiteTeam "Dresden Gruen Weiss"]
[BlackTeam "Leipzig VfB"]
[WhiteTeamCountry "GER"]
[BlackTeamCountry "GER"]

1. c4 e6 2. Nf3 d5 3. g3 Nf6 4. Bg2 Be7 5. 0-0 0-0 6. b3 Nbd7 7. Bb2 c6 8. e3 a5 9. Nc3 Nc5 10. Rb1 Qc7 11. a3 Bd7 12. d4 Nce4 13. Nxe4 Nxe4 14. Ne5 Nf6 15. Qc2 Rfc8 16. c5 b6 17. Nd3 Be8 18. Bc1 Nd7 19. b4 axb4 20. axb4 bxc5 21. bxc5 f6 22. e4 Bg6 23. Nf4 Bf7 24. exd5 cxd5 25. Qe2 Nf8 26. Rb6 Ra4 27. Nxe6 Bxe6 28. Rxe6 Nxe6 29. Qxe6+ Kh8 30. Be3 f5 31. Qxd5 Bf6 32. Rd1 g6 33. Qe6 Rf8 34. d5 f4 35. d6 Qb8 36. gxf4 Qb2 37. c6 Qe2 38. Rc1 Rxf4 39. Qd5 Bb2 40. Qd1 Rxf2 41. Bxf2 Qxf2+ 42. Kh1 Qf4 43. d7 Be5 44. Qg1 Bc7 45. Rf1 Qd6 46. Rxf8+ Qxf8 47. Qd4+ 1-0

[Event "Oberliga Ost-A 2324"]
[Site "Germany"]
[Date "2024.03.16"]
[Round "8.7"]
[White "Poessel, Christian"]
[Black "Kaiser, Dieter"]
[Result "1/2-1/2"]
[WhiteElo "1947"]
[BlackElo "2207"]
[PlyCount "38"]
[EventDate "2023.10.22"]
[EventType "team-tourn"]
[EventRounds "11"]
[EventCountry "GER"]
[SourceTitle "EXT 2025"]
[Source "ChessBase"]
[SourceDate "2024.10.14"]
[SourceVersion "1"]
[SourceVersionDate "2024.10.14"]
[SourceQuality "1"]
[WhiteTeam "Aue Nickelhuette II"]
[BlackTeam "Dresden Gruen Weiss"]
[WhiteTeamCountry "GER"]
[BlackTeamCountry "GER"]

1. d4 Nf6 2. Nf3 d5 3. c4 e6 4. Nc3 Be7 5. g3 Nbd7 6. Bg2 0-0 7. 0-0 dxc4 8. e4 Rb8 9. a4 a6 10. Bf4 b5 11. axb5 axb5 12. Ra7 Rb7 13. Rxb7 Bxb7 14. Nxb5 Bxe4 15. Bxc7 Qa8 16. Nc3 Qb7 17. Nxe4 Qxc7 18. Nc3 Rb8 19. Qe2 Bf8 1/2-1/2

[Event "Oberliga Ost-A 2324"]
[Site "Germany"]
[Date "2024.01.14"]
[Round "5.6"]
[White "Kaiser, Dieter"]
[Black "Wiemers, Holger"]
[Result "1/2-1/2"]
[WhiteElo "2234"]
[BlackElo "2053"]
[PlyCount "78"]
[EventDate "2023.10.22"]
[EventType "team-tourn"]
[EventRounds "11"]
[EventCountry "GER"]
[SourceTitle "EXT 2025"]
[Source "ChessBase"]
[SourceDate "2024.10.14"]
[SourceVersion "1"]
[SourceVersionDate "2024.10.14"]
[SourceQuality "1"]
[WhiteTeam "Dresden Gruen Weiss"]
[BlackTeam "Erfurt Empor"]
[WhiteTeamCountry "GER"]
[BlackTeamCountry "GER"]

1. c4 e6 2. Nf3 d5 3. e3 Nf6 4. b3 Be7 5. Bb2 0-0 6. Nc3 c5 7. cxd5 exd5 8. d4 Nc6 9. Be2 Re8 10. 0-0 Bg4 11. dxc5 Bxc5 12. Rc1 Be7 13. Rc2 Qa5 14. Nd4 Bxe2 15. Ndxe2 Nb4 16. Rd2 Ne4 17. a3 Nxd2 18. axb4 Qxb4 19. Nxd5 Qxb3 20. Nxe7+ Rxe7 21. Qxd2 a5 22. Nd4 Qd5 23. Qc3 f6 24. Ba3 Ree8 25. Rb1 Rec8 26. Qd3 Rc7 27. h4 Rac8 28. Rb5 Qa2 29. Bb2 a4 30. Rb6 Ra8 31. Ne6 Re7 32. Qa3 Qxa3 33. Bxa3 Rd7 34. Nc5 Rd1+ 35. Kh2 Ra1 36. Bb2 Rb1 37. Rxb7 a3 38. Bd4 Rxb7 39. Nxb7 a2 1/2-1/2

[Event "Oberliga Ost-A 2324"]
[Site "Germany"]
[Date "2023.12.03"]
[Round "3.6"]
[White "Dietze, Frank Heinz"]
[Black "Kaiser, Dieter"]
[Result "0-1"]
[WhiteElo "2078"]
[BlackElo "2228"]
[PlyCount "68"]
[EventDate "2023.10.22"]
[EventType "team-tourn"]
[EventRounds "11"]
[EventCountry "GER"]
[SourceTitle "EXT 2025"]
[Source "ChessBase"]
[SourceDate "2024.10.14"]
[SourceVersion "1"]
[SourceVersionDate "2024.10.14"]
[SourceQuality "1"]
[WhiteTeam "Leipzig SG II"]
[BlackTeam "Dresden Gruen Weiss"]
[WhiteTeamCountry "GER"]
[BlackTeamCountry "GER"]

1. d4 Nf6 2. c4 e6 3. g3 c5 4. Nf3 cxd4 5. Nxd4 d5 6. Nf3 Nc6 7. cxd5 exd5 8. Bg2 Be7 9. 0-0 0-0 10. Bf4 Bf5 11. Nc3 d4 12. Nb5 d3 13. Nc3 dxe2 14. Nxe2 Nd5 15. Ned4 Nxf4 16. Nxf5 Nxg2 17. Nxe7+ Qxe7 18. Kxg2 Qb4 19. Qc2 h6 20. Rae1 Rfe8 21. a3 Qb5 22. Qc3 Rxe1 23. Rxe1 Rd8 24. Re4 Qd5 25. Qe3 f5 26. Re8+ Rxe8 27. Qxe8+ Kh7 28. Qe3 a5 29. h4 a4 30. Qf4 b5 31. h5 Kg8 32. Qe3 Kf7 33. Qc3 Qe4 34. Qxc6 Qxc6 0-1

[Event "Dresden Uhlmann Rapid op"]
[Site "Dresden"]
[Date "2023.05.06"]
[Round "2"]
[White "Richter, Leonard"]
[Black "Kaiser, Dieter"]
[Result "1-0"]
[WhiteElo "2244"]
[BlackElo "2221"]
[PlyCount "41"]
[EventDate "2023.05.06"]
[EventType "swiss (rapid)"]
[EventRounds "7"]
[EventCountry "GER"]
[SourceTitle "CBM 214 Extra"]
[Source "ChessBase"]
[SourceDate "2023.07.31"]
[SourceVersion "1"]
[SourceVersionDate "2023.07.31"]
[SourceQuality "1"]

1. e4 c5 2. Nf3 e6 3. d4 cxd4 4. Nxd4 Nf6 5. Bd3 Nc6 6. Nxc6 dxc6 7. Nd2 e5 8. 0-0 Qc7 9. a4 Be7 10. Nc4 0-0 11. Bd2 Be6 12. Ne3 Rfe8 13. Qf3 Rad8 14. Bc3 g6 15. Qg3 Bd6 16. Qg5 Kg7 17. f4 h6 18. Qh4 Nd7 19. f5 gxf5 20. exf5 Bd5 21. f6+ 1-0

[Event "Oberliga Ost-A 2223"]
[Site "Germany"]
[Date "2023.02.04"]
[Round "6.3"]
[White "Schulte, Felix"]
[Black "Kaiser, Dieter"]
[Result "0-1"]
[WhiteElo "2152"]
[BlackElo "2203"]
[PlyCount "74"]
[EventDate "2022.09.18"]
[EventType "team-tourn"]
[EventRounds "11"]
[EventCountry "GER"]
[SourceTitle "EXT 2025"]
[Source "ChessBase"]
[SourceDate "2024.10.14"]
[SourceVersion "1"]
[SourceVersionDate "2024.10.14"]
[SourceQuality "1"]
[WhiteTeam "Halle USV"]
[BlackTeam "Dresden Gruen Weiss"]
[WhiteTeamCountry "GER"]
[BlackTeamCountry "GER"]

1. d4 Nf6 2. c4 e6 3. Nc3 Bb4 4. f3 c5 5. d5 exd5 6. cxd5 d6 7. e4 Nh5 8. Be3 f5 9. Bb5+ Nd7 10. f4 Nhf6 11. exf5 0-0 12. Qd3 a6 13. Ba4 b5 14. Bc2 Ng4 15. Bd2 Nb6 16. Qf3 Nh6 17. 0-0-0 Bxf5 18. Bxf5 Nxf5 19. Nge2 Bxc3 20. Nxc3 Nc4 21. Rhe1 Qa5 22. Qd3 Qb4 23. Qb1 Nxd2 24. Rxd2 Qxf4 25. g3 Qc4 26. Qd3 Qxd3 27. Rxd3 Rae8 28. Rf1 b4 29. Nd1 Nd4 30. Rxf8+ Kxf8 31. Ne3 Re4 32. b3 Ke7 33. Kd1 g6 34. Nc4 Nb5 35. Rf3 Nc3+ 36. Kc2 Nxd5 37. Rd3 Ke6 0-1

[Event "Oberliga Ost-A 2223"]
[Site "Germany"]
[Date "2022.10.23"]
[Round "3.6"]
[White "Kaiser, Dieter"]
[Black "Leibovitch, Iziaslav"]
[Result "1-0"]
[WhiteElo "2203"]
[BlackElo "2064"]
[PlyCount "81"]
[EventDate "2022.09.18"]
[EventType "team-tourn"]
[EventRounds "11"]
[EventCountry "GER"]
[SourceTitle "EXT 2025"]
[Source "ChessBase"]
[SourceDate "2024.10.14"]
[SourceVersion "1"]
[SourceVersionDate "2024.10.14"]
[SourceQuality "1"]
[WhiteTeam "Dresden Gruen Weiss"]
[BlackTeam "Dessau"]
[WhiteTeamCountry "GER"]
[BlackTeamCountry "GER"]

1. c4 Nf6 2. Nc3 g6 3. e4 d6 4. d4 Bg7 5. Be2 0-0 6. Bg5 h6 7. Be3 e5 8. d5 a5 9. g4 Ne8 10. Qd2 Qh4 11. g5 hxg5 12. Nf3 Qh8 13. Nxg5 f5 14. exf5 gxf5 15. f4 Qh4+ 16. Bf2 Qxf4 17. Qxf4 exf4 18. 0-0-0 Nf6 19. Rhg1 Kh8 20. Bd4 c5 21. Bxf6 Rxf6 22. Nb5 Bh6 23. Nc7 Ra6 24. Nxa6 Nxa6 25. Rdf1 Nc7 26. Rxf4 Bg7 27. Rh4+ Kg8 28. Nh3 Kf8 29. Nf4 Bh6 30. Kd1 Bxf4 31. Rh8+ Ke7 32. Rg7+ Rf7 33. Rxf7+ Kxf7 34. Rxc8 Na6 35. Bd3 Bxh2 36. Bxf5 Kf6 37. Bh3 Ke5 38. a3 Kd4 39. Bf1 Be5 40. Kc2 Ke3 41. Ra8 1-0

[Event "Erfurt op-A 29th"]
[Site "Erfurt"]
[Date "2019.12.28"]
[Round "4"]
[White "Stein, Robert"]
[Black "Kaiser, Dieter"]
[Result "1/2-1/2"]
[WhiteElo "2327"]
[BlackElo "2228"]
[PlyCount "76"]
[EventDate "2019.12.26"]
[EventType "swiss"]
[EventRounds "8"]
[EventCountry "GER"]
[SourceTitle "CBM 194 Extra"]
[Source "ChessBase"]
[SourceDate "2020.03.31"]
[SourceVersion "1"]
[SourceVersionDate "2020.03.31"]
[SourceQuality "1"]

1. d4 Nf6 2. c4 e6 3. g3 d5 4. Nf3 Be7 5. Bg2 0-0 6. Qc2 c5 7. dxc5 Nc6 8. 0-0 d4 9. Rd1 e5 10. Bg5 Nd7 11. Bxe7 Qxe7 12. Nbd2 Nxc5 13. Nb3 Nxb3 14. axb3 Bd7 15. Ne1 a6 16. Nd3 Rad8 17. Qd2 e4 18. Nf4 Qe5 19. Nd5 Bf5 20. Nb4 Nxb4 21. Qxb4 Qc7 22. Ra5 g6 23. Rd5 d3 24. Rxd8 Rxd8 25. exd3 exd3 26. h3 h5 27. Qxb7 Qxb7 28. Bxb7 Rb8 29. Bxa6 Rxb3 30. c5 Rxb2 31. Bxd3 Bxd3 32. Rxd3 Rc2 33. Rd8+ Kg7 34. Rc8 Kf6 35. c6 Ke7 36. c7 Rc6 37. Kg2 Kd6 38. Kf3 Kd7 1/2-1/2

[Event "Erfurt op-A 29th"]
[Site "Erfurt"]
[Date "2019.12.27"]
[Round "3"]
[White "Kaiser, Dieter"]
[Black "Meissner, Felix"]
[Result "1-0"]
[WhiteElo "2228"]
[BlackElo "2377"]
[PlyCount "87"]
[EventDate "2019.12.26"]
[EventType "swiss"]
[EventRounds "8"]
[EventCountry "GER"]
[SourceTitle "CBM 194 Extra"]
[Source "ChessBase"]
[SourceDate "2020.03.31"]
[SourceVersion "1"]
[SourceVersionDate "2020.03.31"]
[SourceQuality "1"]

1. d4 g6 2. c4 Bg7 3. Nc3 d6 4. e4 Nc6 5. Be3 e5 6. d5 Nce7 7. g4 Nf6 8. f3 h5 9. g5 Nh7 10. h4 f6 11. Qd2 fxg5 12. hxg5 0-0 13. 0-0-0 Rf7 14. Be2 Bd7 15. Nh3 a6 16. c5 Qf8 17. Nf2 Nc8 18. Nd3 dxc5 19. Nxc5 Nd6 20. Kb1 Qe7 21. Rc1 Nf8 22. Nxd7 Qxd7 23. Nd1 Nh7 24. Nf2 a5 25. Nd3 b6 26. Rc6 Re8 27. Rhc1 Qd8 28. a4 Ree7 29. b3 Rd7 30. Nb2 Nf8 31. Nc4 Nc8 32. Qc2 Ne7 33. Re6 Qb8 34. Nxe5 Bxe5 35. Rxe5 Nc8 36. Re8 Rde7 37. Qc6 Rxe8 38. Qxe8 Qb7 39. Bd4 Re7 40. Qd8 Kf7 41. e5 c5 42. dxc6 Qc7 43. Bc4+ Kg7 44. e6+ 1-0

[Event "Dresden ZMD op-A 21st"]
[Site "Dresden"]
[Date "2012.08.24"]
[Round "7"]
[White "Sbarra, Marco"]
[Black "Kaiser, Dieter"]
[Result "0-1"]
[WhiteElo "2115"]
[BlackElo "2224"]
[PlyCount "40"]
[EventDate "2012.08.18"]
[EventType "swiss"]
[EventRounds "9"]
[EventCountry "GER"]
[SourceTitle "CBM 150 Extra"]
[Source "ChessBase"]
[SourceDate "2012.10.19"]
[SourceVersion "1"]
[SourceVersionDate "2012.10.19"]
[SourceQuality "1"]

1. d4 Nf6 2. c4 e6 3. Nc3 Bb4 4. Qc2 c5 5. dxc5 0-0 6. Bf4 Na6 7. a3 Bxc3+ 8. Qxc3 Ne4 9. Qc1 Naxc5 10. Qc2 e5 11. Be3 d5 12. cxd5 Bf5 13. Bxc5 Rc8 14. b4 Rxc5 15. Qb2 Qb6 16. e3 Rfc8 17. Bd3 Rxd5 18. Bxe4 Bxe4 19. Nf3 Rc2 20. Qb3 Qb5 0-1

[Event "Dresden ZMD op-A 21st"]
[Site "Dresden"]
[Date "2012.08.22"]
[Round "5"]
[White "Kieslich, Aaron"]
[Black "Kaiser, Dieter"]
[Result "1/2-1/2"]
[WhiteElo "2085"]
[BlackElo "2224"]
[PlyCount "73"]
[EventDate "2012.08.18"]
[EventType "swiss"]
[EventRounds "9"]
[EventCountry "GER"]
[SourceTitle "CBM 150 Extra"]
[Source "ChessBase"]
[SourceDate "2012.10.19"]
[SourceVersion "1"]
[SourceVersionDate "2012.10.19"]
[SourceQuality "1"]

1. d4 Nf6 2. c4 e6 3. Nc3 c5 4. d5 exd5 5. cxd5 d6 6. e4 g6 7. f3 Bg7 8. Be3 0-0 9. Nge2 a6 10. a4 Nbd7 11. Ng3 h5 12. Be2 Nh7 13. 0-0 h4 14. Nh1 f5 15. Qd2 Ne5 16. Nf2 b6 17. Rab1 Nf7 18. exf5 gxf5 19. Nh3 Re8 20. Bf2 Ne5 21. Rbe1 Ng6 22. f4 Bd7 23. Bh5 Rxe1 24. Rxe1 Nhf8 25. Ng5 Qf6 26. g3 b5 27. axb5 axb5 28. gxh4 b4 29. Nd1 Ra1 30. Ne6 Bxe6 31. dxe6 Nxe6 32. Qxd6 Ngxf4 33. Bf3 Qf8 34. Rxe6 Nxe6 35. Qxe6+ Kh8 36. Qg6 Bxb2 37. Qh5+ 1/2-1/2

[Event "Dresden ZMD op-A 21st"]
[Site "Dresden"]
[Date "2012.08.21"]
[Round "4"]
[White "Kaiser, Dieter"]
[Black "Ehlert, Horst"]
[Result "1-0"]
[WhiteElo "2224"]
[BlackElo "1936"]
[PlyCount "61"]
[EventDate "2012.08.18"]
[EventType "swiss"]
[EventRounds "9"]
[EventCountry "GER"]
[SourceTitle "CBM 150 Extra"]
[Source "ChessBase"]
[SourceDate "2012.10.19"]
[SourceVersion "1"]
[SourceVersionDate "2012.10.19"]
[SourceQuality "1"]

1. c4 Nf6 2. Nc3 e6 3. e4 d5 4. e5 d4 5. exf6 dxc3 6. bxc3 Qxf6 7. Nf3 c5 8. d4 h6 9. Bd3 cxd4 10. cxd4 Bb4+ 11. Kf1 Bc3 12. Rb1 Nc6 13. Ba3 Nxd4 14. Be4 Nc6 15. g3 Qd8 16. Qc2 Bf6 17. Rd1 Qa5 18. Bd6 Be5 19. Kg2 Bxd6 20. Rxd6 0-0 21. Rhd1 e5 22. Qb2 Be6 23. Qxb7 Nd4 24. Nxd4 exd4 25. Qb5 Qxb5 26. cxb5 Rad8 27. R6xd4 Rxd4 28. Rxd4 Bxa2 29. Ra4 Be6 30. Rxa7 Rb8 31. Ra8 1-0

[Event "Oberliga Wuerttemberg 0304"]
[Site "Wuerttemberg"]
[Date "2004.01.19"]
[Round "5.3"]
[White "Hoensch, Matthias"]
[Black "Kaiser, Dieter"]
[Result "1/2-1/2"]
[WhiteElo "2291"]
[BlackElo "2272"]
[PlyCount "168"]
[EventDate "2003.09.28"]
[EventType "team"]
[EventRounds "9"]
[EventCountry "GER"]
[SourceTitle "EXT 2006"]
[Source "ChessBase"]
[SourceDate "2005.11.24"]
[SourceVersion "1"]
[SourceVersionDate "2005.11.24"]
[SourceQuality "1"]
[WhiteTeam "Bebenhausen"]
[BlackTeam "Ulm"]
[WhiteTeamCountry "GER"]
[BlackTeamCountry "GER"]

1. Nf3 c5 2. c4 g6 3. g3 Bg7 4. Bg2 Nc6 5. Nc3 d6 6. 0-0 Nh6 7. d3 0-0 8. Qd2 Nf5 9. b3 Rb8 10. Bb2 a6 11. Nd5 e5 12. Ne1 Nce7 13. f4 Nxd5 14. Bxd5 Ne7 15. Bg2 Be6 16. Nf3 f6 17. e3 Qc7 18. Rac1 Rbe8 19. b4 b6 20. a3 Kh8 21. Kh1 Nc6 22. Ng1 Bc8 23. Ne2 Ne7 24. d4 exd4 25. exd4 Nf5 26. Rfe1 Bb7 27. d5 Ne3 28. bxc5 dxc5 29. Ng1 Nxg2 30. Kxg2 b5 31. Rxe8 Rxe8 32. Re1 Rxe1 33. Qxe1 Qd7 34. Kf2 bxc4 35. Qe6 Qxd5 36. Qe8+ Qg8 37. Qe7 Bd5 38. Bxf6 Bxf6 39. Qxf6+ Qg7 40. Qd8+ Bg8 41. Nf3 h6 42. Ne5 g5 43. Qd6 gxf4 44. gxf4 Kh7 45. Qxc5 Qf6 46. Ke3 Qe6 47. Qc7+ Kh8 48. Qc6 Kg7 49. Qg2+ Kf8 50. Qa8+ Ke7 51. Qa7+ Ke8 52. Qb8+ Ke7 53. Kd4 h5 54. Qb7+ Kf6 55. Qb8 Qd5+ 56. Ke3 Qc5+ 57. Ke2 Be6 58. Qb4 Qxb4 59. axb4 Kf5 60. Ke3 c3 61. Nf3 Kg4 62. Nd4 Bd7 63. Ke4 c2 64. h3+ Kxh3 65. Nxc2 Kg3 66. f5 h4 67. f6 Be8 68. Ne3 h3 69. Nf1+ Kg4 70. Ke5 Bf7 71. Kd6 Kf4 72. Ke7 Bd5 73. f7 Bxf7 74. Kxf7 Ke5 75. Kg6 Kd4 76. Kg5 Kc4 77. Kg4 h2 78. Nxh2 Kxb4 79. Kf3 a5 80. Ke2 Kb3 81. Nf3 a4 82. Nd4+ Kb2 83. Nb5 a3 84. Nxa3 Kxa3 1/2-1/2

[Event "Oberliga Wuerttemberg 0304"]
[Site "Wuerttemberg"]
[Date "2003.09.28"]
[Round "1.2"]
[White "Kaiser, Dieter"]
[Black "Migl, Dieter"]
[Result "1/2-1/2"]
[WhiteElo "2272"]
[BlackElo "2226"]
[PlyCount "60"]
[EventDate "2003.09.28"]
[EventType "team"]
[EventRounds "9"]
[EventCountry "GER"]
[SourceTitle "EXT 2006"]
[Source "ChessBase"]
[SourceDate "2005.11.24"]
[SourceVersion "1"]
[SourceVersionDate "2005.11.24"]
[SourceQuality "1"]
[WhiteTeam "Ulm"]
[BlackTeam "Stuttgart II"]
[WhiteTeamCountry "GER"]
[BlackTeamCountry "GER"]

1. c4 e6 2. Nf3 d5 3. g3 Nf6 4. Bg2 Be7 5. 0-0 0-0 6. b3 b6 7. Bb2 Bb7 8. e3 c5 9. Qe2 dxc4 10. bxc4 Nc6 11. Rd1 Qc7 12. Nc3 Rfd8 13. Nb5 Qc8 14. Rab1 a6 15. Nc3 Qc7 16. d3 Rab8 17. Ne1 Na5 18. g4 Ne8 19. f4 Bxg2 20. Qxg2 b5 21. cxb5 axb5 22. Ne4 Nd6 23. Rdc1 Nxe4 24. Qxe4 Qc6 25. Qxc6 Nxc6 26. a3 f6 27. Kf1 c4 28. dxc4 bxc4 29. Rxc4 Na5 30. Rc2 Bxa3 1/2-1/2

[Event "Oberliga Wuerttemberg 0203"]
[Site "Wuerttemberg"]
[Date "2003.04.27"]
[Round "9"]
[White "Brodbeck, Stefan"]
[Black "Kaiser, Dieter"]
[Result "1-0"]
[WhiteElo "2127"]
[BlackElo "2280"]
[PlyCount "77"]
[EventDate "2002.10.13"]
[EventType "team-tourn"]
[EventRounds "9"]
[EventCountry "GER"]
[SourceTitle "EXT 2019"]
[Source "ChessBase"]
[SourceDate "2018.10.10"]
[SourceVersion "1"]
[SourceVersionDate "2018.10.10"]
[SourceQuality "1"]
[WhiteTeam "Marbach"]
[BlackTeam "Ulm Post"]
[WhiteTeamCountry "GER"]
[BlackTeamCountry "GER"]

1. e4 c5 2. Nf3 Nc6 3. Bb5 e6 4. Bxc6 bxc6 5. 0-0 d5 6. e5 Nh6 7. d3 Nf5 8. Re1 Be7 9. Nbd2 h5 10. Nf1 Rb8 11. b3 a5 12. Bd2 g5 13. h3 Ba6 14. Ng3 Nxg3 15. fxg3 Kd7 16. Nh2 Qb6 17. Kh1 Rbg8 18. g4 h4 19. Rf1 Rg7 20. Qe1 Bd8 21. Rb1 Qc7 22. Nf3 Bc8 23. Nxg5 Ke8 24. Nf3 Qa7 25. Qc1 Rhg8 26. Qa3 Ba6 27. Be3 d4 28. Bf4 Bb5 29. Nd2 Be7 30. Qc1 a4 31. Ne4 Kd8 32. Bh6 Rh7 33. Bg5 axb3 34. Bxe7+ Kxe7 35. axb3 Rhg7 36. Ra1 Qc7 37. Qf4 Rd8 38. Qf6+ Kf8 39. Ra7 1-0

[Event "Staufer op 14th"]
[Site "Schwaebisch Gmuend"]
[Date "2002.??.??"]
[Round "9"]
[White "Hirn, Oskar"]
[Black "Kaiser, Dieter"]
[Result "0-1"]
[WhiteElo "2345"]
[BlackElo "2263"]
[PlyCount "64"]
[EventDate "2002.02.??"]
[EventType "swiss"]
[EventRounds "9"]
[EventCountry "GER"]
[SourceTitle "EXT 2003"]
[Source "ChessBase"]
[SourceDate "2002.11.25"]
[SourceVersion "1"]
[SourceVersionDate "2002.11.25"]
[SourceQuality "1"]

1. d4 Nf6 2. c4 e6 3. Nf3 b6 4. Nc3 Bb4 5. Qb3 c5 6. a3 Ba5 7. e3 Ne4 8. Bd3 Bb7 9. 0-0 Bxc3 10. bxc3 f5 11. a4 0-0 12. a5 Nd6 13. Ne5 Qc7 14. axb6 axb6 15. Rxa8 Bxa8 16. Ba3 Nc8 17. Qc2 d6 18. Nf3 Bxf3 19. gxf3 Qf7 20. f4 Nd7 21. f3 e5 22. fxe5 dxe5 23. e4 Nd6 24. exf5 Nxc4 25. Bc1 Nd6 26. Re1 Qf6 27. Qa4 Rd8 28. Qc6 cxd4 29. cxd4 Qh4 30. Qd5+ Kh8 31. Kf1 Qxd4 32. Rxe5 Qxe5 0-1

[Event "Staufer op 14th"]
[Site "Schwaebisch Gmuend"]
[Date "2002.??.??"]
[Round "8"]
[White "Kaiser, Dieter"]
[Black "Romanov, Oleg"]
[Result "1/2-1/2"]
[WhiteElo "2263"]
[BlackElo "2398"]
[PlyCount "101"]
[EventDate "2002.02.??"]
[EventType "swiss"]
[EventRounds "9"]
[EventCountry "GER"]
[SourceTitle "EXT 2003"]
[Source "ChessBase"]
[SourceDate "2002.11.25"]
[SourceVersion "1"]
[SourceVersionDate "2002.11.25"]
[SourceQuality "1"]

1. e3 Nf6 2. Nf3 b6 3. b3 c5 4. Bb2 Bb7 5. d4 e6 6. Nbd2 Be7 7. Be2 cxd4 8. exd4 0-0 9. 0-0 Nc6 10. a3 Rc8 11. Re1 Rc7 12. Bd3 Qc8 13. Qe2 Nb8 14. c4 d5 15. Rad1 a5 16. Ne5 Re8 17. Qe3 Bf8 18. Qf4 Qd8 19. Nf1 g6 20. Ng3 a4 21. c5 axb3 22. cxb6 Rc8 23. Bb5 Nc6 24. Nxc6 Bxc6 25. b7 Bxb7 26. Bxe8 Nxe8 27. Qe3 Nd6 28. Qxb3 Ba6 29. Bc3 Bc4 30. Qb2 h5 31. Bb4 Bh6 32. h3 Ba6 33. Nf1 Nf5 34. Bd2 Rb8 35. Qc3 Bg7 36. Be3 Rc8 37. Qa1 Rc4 38. Nh2 Qa5 39. Nf3 Bf6 40. Rc1 Ra4 41. Qc3 Rxa3 42. Qxa5 Rxa5 43. Ra1 Rxa1 44. Rxa1 Be2 45. Ne5 Bxe5 46. dxe5 Nxe3 47. fxe3 g5 48. Kf2 Bd3 49. Kg3 Kg7 50. h4 Kg6 51. Ra7 1/2-1/2

[Event "BL2-Sued 0001"]
[Site "Germany"]
[Date "2001.03.11"]
[Round "7.7"]
[White "Schmidt, Gerhard3"]
[Black "Kaiser, Dieter"]
[Result "0-1"]
[WhiteElo "2204"]
[BlackElo "2240"]
[PlyCount "58"]
[EventDate "2000.10.15"]
[EventType "team-tourn"]
[EventRounds "9"]
[EventCountry "GER"]
[SourceTitle "CBM 082 Extra"]
[Source "ChessBase"]
[SourceDate "2001.07.03"]
[SourceVersion "1"]
[SourceVersionDate "2001.07.03"]
[SourceQuality "1"]
[WhiteTeam "Bayern Muenchen"]
[BlackTeam "Ulm"]
[WhiteTeamCountry "GER"]
[BlackTeamCountry "GER"]

1. d4 Nf6 2. Nf3 e6 3. c4 b6 4. e3 Bb7 5. Bd3 Be7 6. 0-0 0-0 7. Nc3 d5 8. b3 c5 9. Bb2 cxd4 10. exd4 Nc6 11. Rc1 Rc8 12. Qe2 Nb4 13. Rfd1 Nxd3 14. Rxd3 dxc4 15. bxc4 Rxc4 16. d5 Nxd5 17. Rdd1 Rc5 18. Ne4 Nf4 19. Qe3 Rxc1 20. Rxc1 Nd3 21. Rd1 Bxe4 22. Qxe4 Nxf2 23. Rxd8 Nxe4 24. Rd7 Rd8 25. Rxd8+ Bxd8 26. Kf1 Bf6 27. Bxf6 Nxf6 28. Ne5 Kf8 29. Kf2 Nd5 0-1

[Event "BL2-Sued 0001"]
[Site "Germany"]
[Date "2001.01.28"]
[Round "5.7"]
[White "Lorscheid, Gerhard"]
[Black "Kaiser, Dieter"]
[Result "0-1"]
[WhiteElo "2306"]
[BlackElo "2240"]
[PlyCount "48"]
[EventDate "2000.10.15"]
[EventType "team-tourn"]
[EventRounds "9"]
[EventCountry "GER"]
[SourceTitle "CBM 082 Extra"]
[Source "ChessBase"]
[SourceDate "2001.07.03"]
[SourceVersion "1"]
[SourceVersionDate "2001.07.03"]
[SourceQuality "1"]
[WhiteTeam "Stuttgart"]
[BlackTeam "Ulm"]
[WhiteTeamCountry "GER"]
[BlackTeamCountry "GER"]

1. d4 Nf6 2. c4 e6 3. Nc3 Bb4 4. Qc2 c5 5. dxc5 Na6 6. a3 Bxc3+ 7. Qxc3 Nxc5 8. f3 d5 9. cxd5 b6 10. b4 Na4 11. Qb3 b5 12. e4 a6 13. Bg5 h6 14. Bh4 exd5 15. e5 Qc7 16. f4 Ne4 17. Nf3 Be6 18. Nd4 Rc8 19. Nxe6 fxe6 20. Bd3 0-0 21. Rf1 Qb6 22. Bxe4 Qd4 23. Bb1 Rc1+ 24. Ke2 Nc3+ 0-1

[Event "BL2-Sued 0001"]
[Site "Germany"]
[Date "2001.01.07"]
[Round "4.8"]
[White "Klaric, Zoran"]
[Black "Kaiser, Dieter"]
[Result "0-1"]
[WhiteElo "2092"]
[BlackElo "2240"]
[PlyCount "68"]
[EventDate "2000.10.15"]
[EventType "team-tourn"]
[EventRounds "9"]
[EventCountry "GER"]
[SourceTitle "CBM 082 Extra"]
[Source "ChessBase"]
[SourceDate "2001.07.03"]
[SourceVersion "1"]
[SourceVersionDate "2001.07.03"]
[SourceQuality "1"]
[WhiteTeam "Schmiden Cannstatt"]
[BlackTeam "Ulm"]
[WhiteTeamCountry "GER"]
[BlackTeamCountry "GER"]

1. e4 c5 2. Nc3 Nc6 3. g3 g6 4. Bg2 Bg7 5. d3 d6 6. f4 e6 7. Nf3 Nge7 8. 0-0 0-0 9. Be3 b6 10. Qd2 Bb7 11. Rae1 d5 12. Bf2 dxe4 13. Nxe4 Nd4 14. Ne5 Qc7 15. c3 Ndc6 16. Nc4 Nd5 17. Qc2 Rad8 18. Rd1 h6 19. Rfe1 Rfe8 20. a4 Kh7 21. Ned2 e5 22. fxe5 Nxe5 23. Nxe5 Bxe5 24. Nc4 Bg7 25. Qb3 Rxe1+ 26. Rxe1 Ne7 27. Bxb7 Qxb7 28. a5 Rxd3 29. axb6 Nf5 30. Qb5 axb6 31. Qxb6 Qf3 32. Qxc5 h5 33. Rf1 h4 34. Qc7 h3 0-1

[Event "BL2-Sued 9900"]
[Site "Germany"]
[Date "2000.04.09"]
[Round "9.7"]
[White "Kaiser, Dieter"]
[Black "Bach, Edwin"]
[Result "1-0"]
[WhiteElo "2235"]
[BlackElo "2286"]
[PlyCount "57"]
[EventDate "1999.10.10"]
[EventType "team-tourn"]
[EventRounds "9"]
[EventCountry "GER"]
[SourceTitle "CBM 075 Extra"]
[Source "ChessBase"]
[SourceDate "2000.05.11"]
[SourceVersion "2"]
[SourceVersionDate "2000.05.11"]
[SourceQuality "1"]
[WhiteTeam "Ulm"]
[BlackTeam "Karlsruhe"]
[WhiteTeamCountry "GER"]
[BlackTeamCountry "GER"]

1. e4 c5 2. Nf3 e6 3. Nc3 a6 4. d4 cxd4 5. Nxd4 Qc7 6. Be2 Nf6 7. 0-0 Nc6 8. Be3 Be7 9. f4 d6 10. a4 0-0 11. Nb3 b6 12. Bf3 Rb8 13. Qe1 Na5 14. Nxa5 bxa5 15. b3 Bb7 16. Kh1 Rfc8 17. Bd2 Nd7 18. Rc1 Nc5 19. Nb1 Bd8 20. Na3 Ba8 21. f5 e5 22. Nc4 Nxa4 23. Rd1 Be7 24. f6 gxf6 25. Bg4 Kh8 26. Bf5 Rg8 27. Bxh7 Rg7 28. Bf5 Nc5 29. Rf3 1-0